000 00630nab a2200193 4500
001 244442
003 OSt
005 20250505113845.0
007 tu
008 200917s2020|||||||
040 _aDE-2950
_cDE-2950
245 0 0 _aSo geht sauber
_bJubiläum. Seit zwei Jahrzehnten gibt es in der Oderstadt erfolgreiche Autopflege vom Fachmann. Am 5. Mai wird zum Firmen-Geburtstag in die Goepelstraße eingeladen/
_capr
264 _c2024
653 _aFrankfurt (Oder)
653 _aJubiläum
654 _2clean car
773 0 _g36. Jahrgang (2025) Nr. 97 vom 26.04.2025, S. 18 mit Foto
_tMärkische Oderzeitung
942 _2z
_cA
999 _c373748
_d373748